{"text_format":"3","workbook":"xls","n_sheets":2,"sheets":["邳州公司","巨野分公司"],"read":"whole","date_system":"1900","formulas":"cached_only"}

{"sheet":"邳州公司","index":0,"n_rows":33,"n_cols":13,"rows_kept":33,"merged":[[0,2,0,11],[1,2,1,11],[2,2,2,11],[16,2,16,11],[17,2,17,11],[18,2,18,11]],"flags":["formulas_cached_only"]}
[null,null,"五金收料统计日报表"]
[null,null,"日期： 2019    年    5  月  31  日                             填表人： 梅瑞雪"]
[null,null,"单位：大力神管桩有限公司"]
[null,"入库单号","品名","规格","数量","单位","单价","金额","供应商名称","联系方式","采购员","检验员","备注"]
[null,"WIN0050673","草帽",null,15,"个",7,105,"现金供应商（台儿庄区文化路德勇杂品.袋皮店)",null,"戴春举","陆永华"]
[null,"WIN0050674","壁扇",null,15,"个",75,1125,"现金供应商（台儿庄区小鸭厨卫精品店）",13969445505,"戴春举","于中民","扬子，铝叶"]
[null,"WIN0050675","油封","55*80*12",10,"个",2,20,"现金供应商（台儿庄区恒发五金店）",null,"戴春举","汤旭","TC55*80*12XY"]
[null,null,"不锈钢球阀","DN15",10,"个",10,100,null,null,"戴春举","梅瑞雪","BALL VALVES"]
[null,"WIN0050686","小型断路器","2P-10A",10,"个",16,160,"台儿庄四海电料·飞雕照明",13963262716,"戴春举","刘飞","正泰"]
[null,null,"灯泡",null,10,"个",1,10,null,null,"戴春举","王旭建","25W"]
[null,null,"绝缘板",null,1,"块",240,240,null,null,"戴春举","刘飞","3mm*1m*2m"]
[null,null,"电笔",null,6,"个",15,90,null,null,"戴春举","刘飞","中临，非接触式感应测电笔"]
[null,null,"时控开关","kG316t",5,"个",50,250,null,null,"戴春举","刘飞","晨光，微电脑时控开关"]
[null,"WIN0050676","费用",null,1,"件",280,280,"现金供应商（枣庄市声达机电经营部）",null,"戴春举","李勇","铜管焊接，钢棒生产线使用"]
[null,5431,"吊车费",null,1,"台",1000,1000,"现金供应商（闫怀群）",18751661719,"戴春举","戴春举","吊电线杆1天（4车）+一台减速机"]
[null,5432,"柴油","0#",5.92,"吨",null,null,"官湖供销社加油站",null,"戴春举","马娇梅","手写入库单"]
[null,null,"五金收料统计日报表"]
[null,null,"日期： 2019    年    6  月  1  日                             填表人： 梅瑞雪"]
[null,null,"单位：大力神管桩有限公司"]
[null,"入库单号","品名","规格","数量","单位","单价","金额","供应商名称","联系方式","采购员","检验员","备注"]
[null,"WIN0050683","风炮手柄",null,10,"个",184,1840,"宁波市鄞州远航气动工具厂",null,"戴春举","于中民","远征"]
[null,null,"中壳体",null,10,"个",306,3060,null,null,"戴春举",null,"中壳体总成"]
[null,null,"拨盘",null,10,"个",48,480,null,null,"戴春举"]
[null,null,"风炮冲击块",null,10,"个",90,900,null,null,"戴春举"]
[null,null,"叶片",null,150,"付",9.6,1440,null,null,"戴春举",null,"300个"]
[null,"WIN0050685","电磁阀","4V410-15",30,"个",50,1500,"台儿庄四海电料·飞雕照明",null,"戴春举","刘飞"]
[null,null,"漏电保护器","3P 60A",5,"个",58,290,null,null,"戴春举",null,"正泰"]
[null,null,"小型断路器","4P 16A",5,"个",35,175,null,null,"戴春举",null,"正泰"]
[null,null,"交流接触器","LC1D150M7C",2,"个",530,1060,null,null,"戴春举",null,"施耐德"]
[null,null,"交流接触器","LC1D150Q5C",5,"个",530,2650,null,null,"戴春举",null,"施耐德"]
[null,null,"交流接触器","LC1D38M7C",5,"个",90,450,null,null,"戴春举",null,"施耐德"]
[null,null,"交流接触器","LC1D38Q7C",10,"个",90,900,null,null,"戴春举",null,"施耐德"]
[null,null,"铜芯电缆","3*2.5",100,"米",5.5,550,null,null,"戴春举",null,"青岛远通电缆"]

{"sheet":"巨野分公司","index":1,"n_rows":15,"n_cols":12,"rows_kept":15,"flags":["formulas_cached_only"]}
["五金收料统计日报表"]
["日期： 2019  年 05月31 日                             填表人： 杨振华"]
["单位：江苏大力神管桩有限公司巨野分公司"]
["入库单号","品名","规格","数量","单位","单价","金额","供应商名称","联系方式","采购员","检验员","备注"]
["WIN008790","模边油（废机油）",null,3860,"KG",3.6,13896,"临沂罗庄",null,"王成军","甘星允"]
["WIN008791","铜排","3000*50*20",10,"根",1506.11,15061.1,"苏州引流金属材料有限公司",null,"王成军","甘星允"]
[null,"铜排","10*100*2000",1,"根",1004.9,1004.9,"苏州引流金属材料有限公司",null,"王成军","甘星允"]
[{"$nulls":6},0]
[{"$nulls":6},0]
[{"$nulls":6},0]
[{"$nulls":6},0]
[{"$nulls":6},0]
[{"$nulls":6},0]
[{"$nulls":6},0]
[{"$nulls":6},0]